Pocket Handbook of Christian Truth. (Record no. 6365)

MARC details
000 -LEADER
fixed length control field 00577nam a2200229 a 4500
020 ## - INTERNATIONAL STANDARD BOOK NUMBER
ISBN 0854218
082 00 - DEWEY DECIMAL CLASSIFICATION NUMBER
Classification number 220.03
Author Cutter BEW
100 ## - MAIN ENTRY--AUTHOR NAME
Author name Bewes, Richard
245 ## - TITLE STATEMENT
Title Pocket Handbook of Christian Truth.
260 ## - PUBLICATION, DISTRIBUTION, ETC. (IMPRINT)
Place of publication England
Name of publisher Creative Publishing
Year of publication 1981
300 ## - PHYSICAL DESCRIPTION
Number of Pages no page number
500 ## - GENERAL NOTE
General note includes index and biblioraphy
505 2# - FORMATTED CONTENTS NOTE
Formatted contents note Index
650 ## - SUBJECT ADDED ENTRY--TOPICAL TERM
Topical Term Bible-Dictionaries
942 ## - ADDED ENTRY ELEMENTS (KOHA)
Koha item type Books
Holdings
Collection code Home library Current library Date acquired Cost, normal purchase price Full call number Accession Number Koha item type
  Henry Martyn Institute Library Henry Martyn Institute Library 06/14/2007 100.00 220.03 BEW 011034 Books
                   Copyright © 2026 | Henry Martyn Institute | Hyderabad | TS-500052 | INDIA | Implemented by hmi.edu.in
Hit-Count:

Powered by Koha